| 000 | 00857nam a2200229 a 4500 | ||
|---|---|---|---|
| 001 | 56036 | ||
| 003 | BD-RjUL | ||
| 005 | 20211209080339.0 | ||
| 008 | 161124s1993 bg ||||| |||| 00| 0 ben d | ||
| 020 |
_a9844011442 _c: TK 200.00 |
||
| 035 | _a(BD-RjUL)56160 | ||
| 040 |
_aBD-RjUL _bben _cBD-RjUL |
||
| 041 | _aben | ||
| 082 |
_223 _a954.9205 _bISE 1993 |
||
| 100 |
_aইসলাম, রফিকুল _9166806 _eমেজর |
||
| 245 | 1 | 0 |
_aএকাত্তরের মুক্তিযুদ্ধ / _cরফিকুল ইসলাম |
| 260 |
_aঢাকা : _bআগামী প্রকাশনী, _c১৯৯৩ |
||
| 300 |
_a৩০৯ পৃ. ; _c২১ সেমি. |
||
| 651 |
_aবাংলাদেশ _xমুক্তিযুদ্ধ _9166160 |
||
| 651 |
_aBangladesh _xLiberation War _9166161 |
||
| 942 |
_2ddc _cBK |
||
| 999 |
_c56036 _d56036 |
||